Electroplating engineering handbook = Graham's electroplating engineering handbook (Record no. 60951)
[ view plain ]
| 000 -LEADER | |
|---|---|
| fixed length control field | 00781nam a22002057a 4500 |
| 003 - CONTROL NUMBER IDENTIFIER | |
| control field | NUST-PNEC |
| 005 - DATE AND TIME OF LATEST TRANSACTION | |
| control field | 20170116180711.0 |
| 008 - FIXED-LENGTH DATA ELEMENTS--GENERAL INFORMATION | |
| fixed length control field | 141009b xxu||||| |||| 00| 0 eng d |
| 020 ## - INTERNATIONAL STANDARD BOOK NUMBER | |
| International Standard Book Number | 8123913656 |
| 040 ## - CATALOGING SOURCE | |
| Transcribing agency | PNEC |
| 082 ## - DEWEY DECIMAL CLASSIFICATION NUMBER | |
| Classification number | 671.732 DUR |
| 100 ## - MAIN ENTRY--PERSONAL NAME | |
| 9 (RLIN) | 534 |
| Personal name | Durney, Lawrence J. |
| 245 ## - TITLE STATEMENT | |
| Title | Electroplating engineering handbook = Graham's electroplating engineering handbook |
| Statement of responsibility, etc. | Lawrence J. Durney |
| 250 ## - EDITION STATEMENT | |
| Edition statement | 4th ed. |
| 260 ## - PUBLICATION, DISTRIBUTION, ETC. | |
| Place of publication, distribution, etc. | New York : |
| Name of publisher, distributor, etc. | Van Nostrand Reinhold, |
| Date of publication, distribution, etc. | 2000. |
| 300 ## - PHYSICAL DESCRIPTION | |
| Extent | IX, 790 p. : |
| Other physical details | ill., |
| Dimensions | 26 cm. |
| 500 ## - GENERAL NOTE | |
| General note | Includes Index http://www.amazon.com/Grahams-Electroplating-Engineering-Handbook-Edition/dp/8123913656/ref=sr_1_1?ie=UTF8&qid=1412837365&sr=8-1&keywords=graham%27s+electroplating+engineering+handbook |
| 650 ## - SUBJECT ADDED ENTRY--TOPICAL TERM | |
| General subdivision | ME |
| 942 ## - ADDED ENTRY ELEMENTS (KOHA) | |
| Source of classification or shelving scheme | |
| Koha item type | Book |
| Withdrawn status | Lost status | Source of classification or shelving scheme | Damaged status | Not for loan | Permanent Location | Current Location | Shelving location | Date acquired | Source of acquisition | Cost, normal purchase price | Total Checkouts | Full call number | Barcode | Date last seen | Cost, replacement price | Price effective from | Koha item type |
|---|---|---|---|---|---|---|---|---|---|---|---|---|---|---|---|---|---|
| Pakistan Navy Engineering College (PNEC) | Pakistan Navy Engineering College (PNEC) | Reference | 03/22/1994 | Vanguard Books | 346.50 | 671.732 DUR | PNECLIB-017373 | 10/09/2014 | 346.50 | 03/22/1994 | Book |
